000 00694nam a2200229Ia 4500
003 IN-BaIIA
008 211028s9999 xx 000 0 eng d
020 _a0-85274-357-2
040 _cIIA Library
080 _a535.313.6
_bSLY
100 _aSlyussarev, G. G.
_913745
245 0 _aAberration and optical design theory, Tr by J.H.Dixon
_cG. G. Slyussarev
250 _a2nd ed.
260 _aBristol, Adam Hilger
_bAdam Hilger
_c1984
300 _axii, 660p.
650 _aAberrations
_913746
650 _aAstronomy and Astrophysics Thesaurus
650 _aOptical Design
650 _aOptical Instruments
650 _aOptics
942 _cBK
999 _c8178
_d8178